000 01204nam a22003497a 4500
003 CHAP
005 20220329134033.0
008 971013s1983 r 00010 d
010 _a14475
011 _a15447
035 _a19523
040 _cCHAP
090 _aTesis
100 0 0 _aHernández Livera, Adrián.
_954220
245 _aCaracterización de genotipos de maíz (Zea mays L.) de valles altos por sus requerimientos de unidades calor
260 _aChapingo, Méx. :
_bEl Autor,
_c1983
300 _a75 h.
_b: gráfs.
502 _aTesis (Ing. Agrónomo Esp. en Fitotecnia) -- UACH. Depto. de Fitotecnia
590 _aALEPH
_b10
_c20130110
_lUCH01
_h1236
590 _aBATCH-UPD
_b10
_c20130110
_lUCH01
_h1719
590 _aBATCH-UPD
_b10
_c20130410
_lUCH01
_h1103
590 _aBATCH-UPD
_b10
_c20130914
_lUCH01
_h0825
590 _aCONVERSION
_b10
_c20130109
_lUCH01
_h1309
650 1 4 _aCalor
_xEfecto en plantas.
_917573
650 1 4 _aMaíz
_xGenética.
_970963
650 1 4 _aMaíz
_xVariedades.
_971081
901 _aBK
942 _cFOLL
949 _bBC
_cTES
_d-45430
_eTS1
_i19523
_si
949 _bBC
_cTES
_d-45431
_eTS2
_fc.2
_i19523
_si
949 _bBC
_cTES
_d-45432
_eTS2
_fc.3
_h21659
_i19523
_si
999 _c14475
_d14475